000
00285nam a22001337a 4500
008
180904b xxu||||| |||| 00| 0 eng d
020
_a
9780131015180
041
_a
eng
080
_a
910
100
_a
42
101
_a
GJEO
245
_a
Human Geography
_c
Knox, P.L
942
_2
udc
_c
BK
999
_c
47518
_d
47518